000 00807nam a2200217Ia 4500
003 GCL
008 140319s9999 xx 000 0 ara d
040 _aGCL /
_cGCL
082 0 4 _a250
_bع ا
100 1 _aسعيد احمد اعراب
245 1 0 _aالاحكام الصغرى /
_cسعيد احمد اعراب
700 1 _aابن العربى : ابو بكر محمد بن عبدالله بن محمد بن احمد بن احمد المعافرى الاشبيلى المالكى
250 _aالاولى
260 _aالمغرب :
_bالمنظمة الاسلامية للتربية والعلوم والثقافة ،
_c1991
300 _a515 ص ؛
_c24 سم
490 _a
650 0 4 _aالاحكام
650 0 4 _aالفقه الاسلامى
650 0 4 _aالقران
942 _2ddc
_cBK
999 _c35996
_d35996